Statistics for Dragons' Den Dragons

Click here to take the quiz!

General Stats

  • This quiz has been taken 9 times
  • The average score is 9 of 18

Answer Stats

Dragon % Correct
Peter Jones
100%
Duncan Bannatyne
88%
Deborah Meaden
88%
James Caan
75%
Theo Paphitis
63%
Tej Lalvani
63%
Sara Davies
50%
Sarah Willingham
50%
Jenny Campbell
50%
Doug Richard
38%
Touker Suleyman
38%
Hilary Devey
38%
Piers Linney
38%
Simon Woodroffe
25%
Kelly Hoppen
25%
Nick Jenkins
25%
Rachel Elnaugh
13%
Richard Farleigh
13%

Score Distribution

Percentile by Number Answered

Percent of People with Each Score

Your Score History

You have not taken this quiz